Estructura de clase y transición agraria en América Latina /

保存先:
書誌詳細
第一著者: Winson, Anthony
フォーマット: テキスト
主題:
タグ: タグ追加
タグなし, このレコードへの初めてのタグを付けませんか!

MARC

LEADER 00000 a a2200000 04500
001 12669
003
040
100 |a Winson, Anthony  
245 |a Estructura de clase y transición agraria en América Latina /  |c Anthony Winson 
650 |a ECONOMIA AGRARIA  
650 |a POLITICA AGRARIA  
650 |a REFORMAS DE TENENCIA DE LA TIERRA  
650 |a DESARROLLO AGRICOLA  
650 |a ESTRUCTURA AGRARIA  
650 |a TENENCIA DE LA TIERRA  
650 |a ZONAS RURALES  
650 |a POBLACION  
773 |g número 17 -18; páginas 5-24  
999 |c 34760  |d 34760